| Tag |
First Indicator |
Second Indicator |
Subfields |
| LEADER |
00000cam a2200000 a 4500 |
| 001 |
in00004472949 |
| 005 |
20191202143235.0 |
| 008 |
900105s1990 caua b 00100 eng |
| 010 |
|
|
|a 90004016
|
| 020 |
|
|
|a 1555422438
|
| 035 |
|
|
|a (OCoLC)21586222
|
| 035 |
|
|
|9 AAE2439MS
|
| 035 |
|
|
|z (UtOrBLW)13544
|
| 035 |
|
|
|a 24125
|
| 040 |
|
|
|a DLC
|c DLC
|d WQM
|d NGU
|d TMV
|d UtOrBLW
|
| 049 |
|
|
|a TMVM
|c 1
|
| 050 |
0 |
0 |
|a RA776.9
|b .H434 1990
|
| 060 |
|
4 |
|a QT 255
|b H433 1990
|
| 082 |
0 |
0 |
|a 613
|2 20
|
| 245 |
0 |
0 |
|a Health behavior and health education :
|b theory, research, and practice /
|c Karen Glanz, Frances Marcus Lewis, Barbara K. Rimer, editors.
|
| 250 |
|
|
|a First edition.
|
| 264 |
|
1 |
|a San Francisco :
|b Jossey-Bass Publishers,
|c 1990.
|
| 300 |
|
|
|a xxxi, 460 pages :
|b illustrations ;
|c 24 cm.
|
| 336 |
|
|
|a text
|2 rdacontent
|b txt
|
| 337 |
|
|
|a unmediated
|2 rdamedia
|
| 338 |
|
|
|a volume
|2 rdacarrier
|b nc
|
| 490 |
1 |
|
|a The Jossey-Bass health series
|
| 504 |
|
|
|a Includes bibliographical references and indexes.
|
| 650 |
|
2 |
|a Health Behavior.
|
| 650 |
|
2 |
|a Health Education.
|
| 700 |
1 |
|
|a Glanz, Karen.
|
| 700 |
1 |
|
|a Lewis, Frances Marcus.
|
| 700 |
1 |
|
|a Rimer, Barbara K.
|
| 830 |
|
0 |
|a Jossey-Bass health series.
|
| 999 |
|
|
|a MARS
|
| 999 |
f |
f |
|s 20c2facc-25c4-3793-acc5-3bcb49d74801
|i 334c3b61-92f1-3f9c-b8cc-eeb44d8fa988
|t 0
|
| 952 |
f |
f |
|p ric
|a Texas A&M University
|b Rellis Campus
|c Joint Library Facility
|d Remote Storage
|t 0
|e QT 255 H433 1990
|h National Library of Medicine classification
|i unmediated -- volume
|m 323890096489I
|
| 998 |
f |
f |
|a QT 255 H433 1990
|t 0
|l Remote Storage
|